000 00757nam a2200289Ia 4500
005 20260324130016.0
008 008 260324s9999 xx 000 0 eng d
020 _a9781849771849
037 _aEBOOK
040 _aCRL
040 _beng
040 _cCRL
041 _2eng
041 _aeng
084 _qCRL
100 _aRobert Fisher; Stewart Maginnis; William Jackson; Edmund Barrow; Sally Jeanrenaud
_91180176
245 0 _aLinking Conservation and Poverty Reduction
245 0 _bLandscapes, People and Power
260 _bTaylor and Francis
260 _c2008
365 _a
365 _b160
856 _uhttp://www.taylorfrancis.com/books/9781849771849
942 _cEBOOK
999 _c1775921
_d1775921